000 00647nam a2200205Ia 4500
003 GCL
008 140319s9999 xx 000 0 ara d
040 _aGCL /
_cGCL
082 0 4 _aط 611
_bأج
100 1 _aاحمد السعيد يونس
245 1 0 _aجسم الانسان /
_cاحمد السعيد يونس
260 _aالقاهرة :
_bنهضة مصر للطباعة والنشر والتوزيع ،
_c1996
300 _a95 ؛
_c20 سم
490 _aدليل الطفل الذكى
_v0
650 0 4 _aالاطفال
650 0 4 _aجسم الانسان
650 0 4 _aالتشريح
650 0 4 _aعلوم الطب
942 _2ddc
_cBK
999 _c42912
_d42912